| 000 | 00489nam a2200169 a 4500 | ||
|---|---|---|---|
| 001 | 000006117 | ||
| 005 | 20200929151933.0 | ||
| 008 | 090826s1999 dr 001 spa d | ||
| 040 | _aDO-SdBNP | ||
| 082 |
_axxx _bS944l |
||
| 100 | 1 |
_aSuero C. , Victor _917226 |
|
| 245 | 1 | 0 |
_aleyes sobre salud de la República Dominicana / _crecopilador; Victor suero C. |
| 260 |
_aSanto Domingo : _bTiempo, _c1999. |
||
| 300 |
_a335 p. ; _c21 cm. |
||
| 500 | _aIncluye datos biográficos | ||
| 049 | _aBNPD | ||
| 999 |
_c5913 _d5913 |
||